01635nam a2200325 a 450000100060000000300090000600500170001500800410003202000150007303500180008804000180010604100110012408200280013524500980016326000360026130000320029749000720032950003320040150000590073350000780079250400500087065000230092065000430094370000340098674000570102083000460107794200120112399900170113595201570115257721BD-RJUL 20211209080539.0161211s1981 enka b 101 0 eng  a0122246608 aBD-RJUL 57845 aDLCcDLCbeng0 aengfre 223 a306.87 bMAR 1981 00aMarriage et remarriage dans les populations DU passe /cedited by J. Dupâquier ... [et al.] aLondon :bAcademic Press,c1981 axix, 663 p. :bill ;c24 cm1 aPopulation and social structure : advances in historical demography a"Proceedings of the International Colloquium on Historical Demography 'Nuptiality and Fertility: Plural Marriage and Illegitimate Fertility,' Kristiansand, Norway, 7-9th September 1979. Organized by the International Committee of Historical Sciences and the International Union for the Scientific Study of Population"--Ser. t.p aEnglish or French with summaries in the other language aTitle on added t.p.: Mariage et remariage dans les populations du passé aIncludes bibliographical references and index 0aRemarriage9171423 0aIllegitimate childrenxHistory91714241 aDupâquier, Jacques.91714250 aMariage et remariage dans les populations du passé 0aPopulation and social structure :9171430 2ddccBK c57721d57721 00102ddc40718NFICaRUCLbRUCLcReadingd2006-05-20eParagon Enterprises Dhakag101.30l0o306.87 MAR 1981r2016-12-11 00:00:00tC-1w2016-12-11yBK